Responses for Show #4319 - Thursday, May 15, 2003

2003 Tournament of Champions final game 1.

Contestants

[<< previous game]

Brian Weikle, a project manager from Minneapolis, Minnesota

Eric Floyd, a college student from Calhoun, Georgia

Mark Dawson, a business manager from Chamblee, Georgia

[next game >>]

Jeopardy! Round responses

WORLD CAPITALS
THE OLYMPIC GAMES
LITERARY TERMS
RUM FOR YOUR LIFE
SCANDINAVIANS
TRUE & FALSE
    $200 3
to Rome

Mark
    $200 1
(Eric: Who is Kwan?)
(Mark: Who is Oksana Baiul?)

Tara Lipinski

MarkEric
Triple Stumper
    $200 13
tall tales

Mark
    $200 22
Coca-Cola

Mark
    $200 10
Nokia

Mark
    $200 16
(Brian: What are chromosomes?)

ribs

MarkBrian
    $400 6
New Delhi

Brian
    $400 2
Apolo Anton Ohno

Brian
    $400 24
(Alex: Minute to go.)

Daniel Defoe

Mark
    $400 23
Zombie

Brian
    $400 12
(Brian: Who is Mats Wilander?)

Stefan Edberg

EricBrian
    $400 17
mushrooms

Brian
    $600 7
Phnom Penh

Brian
    $600 4
(Eric: Who is Razor Rudduck?)

Lennox Lewis

Eric
Triple Stumper
    $600 25
Cubism

Brian
    $600 28
Bacardi

Mark
    $600 14
Hans Blix

Mark
    $600 19
0

Brian
    $800 8
Copenhagen

Brian
    $800 5
swimming

Brian
    $800 26
Shavian

Mark
    $800 29
Tia Maria

Mark
    $1,000 15
Carl Linnaeus

Mark
    $800 20
David Mamet

Triple Stumper
    $1000 9
Bloemfontein

Brian
    $1000 11
Jean-Claude Killy

Mark
    $1000 27
roman a clef

Mark
    $1000 30
(Alex: You know your potent potables; you certainly know your rum!)

Barbados

Mark
    $1000 18
Fridtjof Nansen

Brian
    $1000 21
(Eric: Who is Jim McGuinn?)
(Brian: Who is Arlo Guthrie?)

Pete Seeger

MarkEricBrian

Scores at the first commercial break (after clue 15):

Mark Eric Brian
$3,000 -$400 $3,600

Scores at the end of the Jeopardy! Round:

Mark Eric Brian
$9,000 -$1,400 $5,400

Double Jeopardy! Round responses

INVERTEBRATES
AUTHORS ON FILM
LISTEN TO THE EXPERTS -- NOT!
OCCUPATIONAL HAZARDS
PRESIDENTIAL MEDICAL RECORDS
CRUSH UP YOUR SHAKESPEARE
(Alex: We're dealing with Shakespearean anagrams.)
    $400 6
starfish

Mark
    $400 1
Virginia Woolf

Mark
    $400 2
Theory of relativity

Mark
    $400 16
police officer

Mark
    $400 11
Woodrow Wilson

Eric
    $400 23
Lady Macbeth

Mark
    $800 8
daddy long legs

Brian
    $800 4
Isak Dinesen (Karen Blixen)

Mark
    $800 3
Mars

Eric
    $800 19
his teeth

Mark
    $800 12
Lyndon B. Johnson

Eric
    $800 24
Elsinore

Eric
    $1200 9
fiddler crab

Eric
    $1200 10
Susan Orlean

Triple Stumper
    $1200 5
George A. Custer

Brian
    $1200 20
auto repair shops

Brian
    $1,700 13
Theodore Roosevelt

Eric
    $1200 26
Miranda

Mark
    $1600 17
tsetse fly

Brian
    $1600 28
(Mark: [*].)
...
(Alex: Phrasing caught Mark there, sorry about that!)

Marjorie Kinnan Rawlings

MarkBrian
    $1600 7
Adolf Hitler

Brian
    $1600 21
video display terminal

Brian
    $1600 14
Graves' disease

Mark
    $1600 27
Petruchio

Mark
    $2000 18
cuttlefish

Brian
    $2000 30
(Alex: Boy, look at those scores, as you might expect from "Jeopardy!" champions!)

Lytton Strachey

Eric
    $2000 15
(Alex: He was thinking of me!)

Aristotle

Mark
    $1,000 22
forklift truck

Brian
    $2000 25
(Alex: With a minute to go.)

Addison's disease

Eric
    $2000 29
Bosworth Field

Eric

Scores at the end of the Double Jeopardy! Round:

Mark Eric Brian
$17,400 $10,300 $18,000

Final Jeopardy! Round responses

GOVERNORS
EricWho is Ferraro?
$3,000
MarkWho LuWallace Grasso
$5,000
BrianWho is Brown?
$3,000
Lurleen B. Wallace (of Alabama)

Final scores:

Mark Eric Brian
$22,400 $7,300 $15,000

Game dynamics:

Coryat scores:

Mark Eric Brian
$17,200 $9,800 $19,000
26 R
(including 1 DD),
2 W
10 R
(including 1 DD),
3 W
20 R
(including 1 DD),
3 W

Combined Coryat: $46,000

[game] [game scores] [suggest correction]

Game tape date: 2003-03-19
The J! Archive is created by fans, for fans. Scraping, republication, monetization, and malicious use prohibited; this site may use cookies and collect identifying information. See terms. The Jeopardy! game show and all elements thereof, including but not limited to copyright and trademark thereto, are the property of Jeopardy Productions, Inc. and are protected under law. This website is not affiliated with, sponsored by, or operated by Jeopardy Productions, Inc. Join the discussion at JBoard.tv.